000 01051nam a2200277 i 4500
001 bg
100 1 _aBUS, Jerzy
245 1 0 _aWybrane problemy technologii galwanicznych pokryć kompozytowych węzłów ciernych /
_cJerzy Bus ; Politechnika Krakowska im. Tadeusza Kościuszki.
260 _aKraków :
_bPK,
_c2004.
300 _a166 s. :
_bil. ;
_c24 cm.
490 1 _aMonografia / Politechnika Krakowska im. Tadeusza Kościuszki. Mechanika
500 _aISSN i nr serii gł.: 0860-097X ; 297. - Streszcz. ang., ros.
504 _aBibliogr.
650 9 _aGalwanotechnika
650 9 _aInżynieria powierzchni
650 9 _aKompozyty
_xstosowanie
650 9 _aPowłoki ochronne
_xmateriały
650 9 _aPowłoki ochronne
_xtechnologia
710 0 _aPolitechnika Krakowska im. Tadeusza Kościuszki
830 0 _aMonografia (Politechnika Krakowska im. Tadeusza Kościuszki. Mechanika)
040 _cBPK
041 0 _apol
_bengrus
080 _a621.357:621.791./795:620.197
942 _cKS
008 s pl f |000 0 pol
999 _c44398
_d44398
856 _uhttp://koha.tu.koszalin.pl/cgi-bin/koha/opac-detail.pl?biblionumber=44398
_yKatalog online BPK